Význam dodržiavania podnikateľskej etiky v marketingových aktivitách transnacionálnych korporácií

Vývoj podnikateľskej etiky ako samostatnej vednej disciplíny. Pojmy podnikateľská etika, marketingová etika, päť základných princípov etiky marketingu. Transnacionálne korporácie a podnikanie, problémy. Korupcia a úplatkárstvo, dôsledky. Zásady rešpektovania lokálnych zvykov a kultúr, snaha o prispô...

Ausführliche Beschreibung

Gespeichert in:
Bibliographische Detailangaben
1. Verfasser: Banghová, Nora
Format: Buchkapitel
Sprache:Slowakisch
Schlagworte:
Tags: Tag hinzufügen
Keine Tags, Fügen Sie das erste Tag hinzu!

MARC

LEADER 00000naa$a2200000$$$4500
001 0059947
005 20240502071649.2
041 0 |a slo 
044 |a SK 
245 1 0 |a Význam dodržiavania podnikateľskej etiky v marketingových aktivitách transnacionálnych korporácií  |c Nora Banghová 
520 |a Vývoj podnikateľskej etiky ako samostatnej vednej disciplíny. Pojmy podnikateľská etika, marketingová etika, päť základných princípov etiky marketingu. Transnacionálne korporácie a podnikanie, problémy. Korupcia a úplatkárstvo, dôsledky. Zásady rešpektovania lokálnych zvykov a kultúr, snaha o prispôsobenie sa miestnym potrebám sú kľúčom k úspechu pre rozsiahle transnacionálne korporácie. 
610 2 0 |a etika podnikateľská 
610 2 0 |a marketing 
610 2 0 |a podnikanie medzinárodné 
610 2 0 |a korporácie transnacionálne 
610 2 0 |a korupcia 
100 1 |a Banghová, Nora